[Event "EU-ch 24th"]
[Site "Petrovac"]
[Date "2024.11.17"]
[Round "9"]
[White "Kilic, Eray"]
[Black "Sherman, Reem"]
[Result "1-0"]
[WhiteElo "2442"]
[BlackElo "2340"]
[PlyCount "125"]
[EventDate "2024.11.08"]
[EventType "swiss"]
[EventRounds "11"]
[EventCountry "MNE"]
[SourceTitle "CB47_2024"]
[SourceDate "2024.11.20"]
[SourceVersion "1"]
[SourceVersionDate "2024.11.20"]
[SourceQuality "1"]

1. e4 e6 2. Qe2 d5 3. exd5 Qxd5 4. Nc3 Qa5 5. Nf3 Nf6 6. g3 Bd6 7. Bg2 0-0 8. d4 c6 9. 0-0 Nbd7 10. Re1 a6 11. Ne5 Qc7 12. Nc4 Nd5 13. Nxd6 Nxc3 14. bxc3 Qxd6 15. a4 Re8 16. Bf4 Qe7 17. a5 Nf8 18. Qh5 Ng6 19. Bc1 Qc7 20. f4 Bd7 21. Ba3 f6 22. Bc5 e5 23. dxe5 fxe5 24. f5 Ne7 25. Be4 Nd5 26. Qf3 Nf6 27. g4 Bc8 28. Ra4 Qf7 29. Qg3 Bd7 30. Bf3 e4 31. Be2 Rad8 32. Bb6 Rc8 33. Rd4 Kh8 34. Rd6 c5 35. Qh4 Qe7 36. Red1 Rc6 37. Rxd7 Nxd7 38. Qxe7 Rxe7 39. Bd8 Rf7 40. Bc4 Ne5 41. Be7 h5 42. Rd8+ Kh7 43. Bxf7 Nxf7 44. Rf8 Nh8 45. g5 c4 46. Kf2 b6 47. axb6 Rxb6 48. Ke3 Rb1 49. g6+ Nxg6 50. fxg6+ Kxg6 51. h4 Re1+ 52. Kd2 Rg1 53. Bg5 Rg2+ 54. Ke3 Rxc2 55. Kd4 a5 56. Ra8 Ra2 57. Kxe4 a4 58. Ra6+ Kf7 59. Kd4 Ra1 60. Kxc4 a3 61. Kb3 Rb1+ 62. Ka2 Rb2+ 63. Kxa3 1-0